| 000 | 00590 a2200205 4500 | ||
|---|---|---|---|
| 010 | _aENG-85297 | ||
| 020 |
_a8187649313 _c200.00 |
||
| 035 | _aEN-68830 | ||
| 037 | _bD.B.Act / Pub | ||
| 082 | 1 | 4 | _aN |
| 090 |
_c1877 _d1877 |
||
| 100 | 1 | _aThi Jaa | |
| 245 | 1 |
_aRemembering Amma _cThi Jaa ; translated from the Tamil by Malati Mathur. |
|
| 260 |
_aNew Delhi _bKatha, _c2006. |
||
| 300 |
_a156 p. ; _c23 cm. |
||
| 650 | _aNovel. | ||
| 700 | 1 | _aMathur, Malati. | |
| 942 |
_adpl _cEN _kN / THI |
||
| 999 |
_c1845 _d1845 |
||